15 Largest Cities in Nicaragua🇳🇮 - Statistics

General Stats
  • This quiz has been taken 17 times
  • The average score is 5 of 15
Answer Stats
Population City % Correct
973k Managua
100%
144k Leon
57%
126k Chinandega
43%
96k Esteli
43%
130k Masaya
43%
44k Bluefields
29%
50k Ciudad Sandino
29%
89k Granada
29%
55k Jinotega
29%
50k Juigalpa
29%
109k Matagalpa
29%
50k Tipitapa
29%
53k El Viejo
14%
35k Diriamba
0%
52k Nueva Guinea
0%
No matching quizzes found
Score Distribution
Percent of People with Each Score
Percentile by Number Answered
Your Score History
You have not taken this quiz